| 000 | 01578namaa22003851i 4500 | ||
|---|---|---|---|
| 003 | EG-GICUC | ||
| 005 | 20260505123539.0 | ||
| 008 | 260505s2005 ua ||||jr|||| 000 0 ara d | ||
| 017 |
_a2004 / 21269 _bدار الكتب والوثاثق القومية (مصر) |
||
| 040 |
_aEG-GiCUC _bara _cEG-GiCUC _dEG-GiCUC _erda |
||
| 041 |
_aara _heng |
||
| 082 | 0 | 4 |
_221 _a330 _bS5625 |
| 092 | 0 | 4 |
_221 _a330 _bS5625 |
| 099 | _a330 S5625 | ||
| 100 | 1 |
_aشومبيتر، جوزيف أ. _eمؤلف. |
|
| 245 | 1 | 0 |
_aتاريخ التحليل الاقتصادى / _cجوزيف أز شومبيتر ؛ ترجمة حسن عبد الله بدر ؛ مراجعة عصام الخفاجى. |
| 250 | _aالطبعة الاولى. | ||
| 264 |
_aالقاهرة : _bالمجلس الاعلى للثقافة، _c2005. |
||
| 300 |
_a2مجلد _b؛ _c24 سم |
||
| 336 |
_2rdacontent _atext |
||
| 337 |
_2rdamedia _aUnmediated |
||
| 338 |
_2rdacarrier _avolume |
||
| 490 |
_aالمشروع القومى للترجمة ؛ _v746. |
||
| 500 | _aالترجمة العربية لـ : History of Economic Analysis. | ||
| 504 | _aيشتمل على ارجاعات ببليوجرافية وهوامش | ||
| 541 |
_aد. جابر عصفور؛ _bالقاهرة ؛ _cإهداء ؛ _d2024. |
||
| 650 | 1 | 7 |
_aالاقتصاد _2qrmak |
| 650 | 1 | 7 |
_aالاقتصاديون _2qrmak |
| 650 | 1 | 7 |
_aالاقتصاد _xتاريخ _2qrmak |
| 651 | 1 | _2qrmak | |
| 700 | 1 |
_aبدر، حسن عبد الله. _eمترجم. |
|
| 700 | 1 |
_aالخفاجى، عصام. _eمراجع. |
|
| 905 | _aNoha | ||
| 942 |
_2ddc _cBK _e21 _n0 |
||
| 999 |
_c179986 _d179986 |
||